00736nam a2200217 a 450000100060000000300080000600500170001400800410003103500190007204000230009104100080011408200260012210000280014824500870017625000580026326000710032130000330039250400510042565000200047670000220049658480BD-RjUL20211209080628.0161218t19601959caua b 000 0 eng  a(BD-RjUL)58604 aDLCcDLCdm.cbeng aeng 223a305.513bLIS 19601 aLipset, Seymour Martin.10aSocial mobility in industrial society /cSeymour Martin Lipset and Reinhard Bendix a"First American paper-bound edition, fourth printing" aBerkeley :bUniversity of California Press,cc1959 [Printing 1960] axxi, 309 p. :bill. ;c25 cm aIncludes bibliographical footnotes and indexes 0aSocial mobility1 aBendix, Reinhard.